000 00291nam a22001337a 4500
008 170616b xxu||||| |||| 00| 0 eng d
020 _a9780618562497
041 _aeng
080 _a328
100 _a20
101 _aSHP
245 _aAMERICAN GOVERNMENT
_cWILSON.J.Q
942 _2udc
_cBK
999 _c17925
_d17925